LIBRARY & INFORMATION CENTRE, KCAET, TAVANUR

ONLINE PUBLIC ACCESS CATALOGUE (OPAC)

Engineering graphics, Part 1 & 2 / (Record no. 10825)

MARC details
000 -LEADER
fixed length control field 00660cam a2200277ua 4500
041 ## - LANGUAGE CODE
Language code of text/sound track or separate title eng
082 ## - DEWEY DECIMAL CLASSIFICATION NUMBER
Classification number 604.2
Item number JOH/EN
100 ## - MAIN ENTRY--AUTHOR NAME
Personal name Johny, K.C .
245 ## - TITLE STATEMENT
Title Engineering graphics, Part 1 & 2 /
250 ## - EDITION STATEMENT
Edition statement 8 /
260 ## - PUBLICATION, DISTRIBUTION, ETC. (IMPRINT)
Place of publication Thrissur :
Name of publisher Jet publications ,
Year of publication 1996.
300 ## - PHYSICAL DESCRIPTION
Number of Pages ; .
700 1# - ADDED ENTRY--PERSONAL NAME
Personal name Varghese, P.I .
942 ## - ADDED ENTRY ELEMENTS (KOHA)
Koha item type Books
Holdings
Withdrawn status Lost status Damaged status Home library Current library Date acquired Full call number Accession Number Koha item type
      KAUAET KAUAET 07/04/2012 604.2 JOH/EN 19233 Books
      KAUAET KAUAET 07/04/2012 604.2 JOH/EN 19236 Books
      KAUAET KAUAET 07/04/2012 604.2 JOH/EN 19239 Books
      KAUAET KAUAET 07/04/2012 604.2 JOH/EN 19237 Books
Withdrawn     KAUAET KAUAET 07/04/2012 604.2 JOH/EN 19232 Books
      KAUAET KAUAET 07/04/2012 604.2 JOH/EN 19238 Books
      KAUAET KAUAET 07/04/2012 604.2 JOH/EN 19234 Books
      KAUAET KAUAET 07/04/2012 604.2 JOH/EN 19231 Books
free website counter